Отец сибирских теплоэнергетиков: о профессоре И. Н. Бутакове; Томский политехник; Вып. 12

Бібліографічні деталі
Parent link:Томский политехник: ежегодный журнал/ Томский политехнический университет (ТПУ), Ассоциация выпускников.— , 1995-
Вып. 12.— 2006.— [С. 16-18]
Автор: Беляев С. А. Сергей Александрович
Резюме:Аннотация на англ. яз.
Заглавие с титульного листа
Электронная версия печатной публикации
Мова:Російська
Опубліковано: 2006
Серія:ТТИ 1900-1918
Предмети:
Онлайн доступ:Цветная версия без потери качества
Формат: Електронний ресурс Частина з книги
KOHA link:https://koha.lib.tpu.ru/cgi-bin/koha/opac-detail.pl?biblionumber=198902

MARC

LEADER 00000nla2a2200000 4500
001 198902
005 20231031184113.0
035 |a (RuTPU)RU\TPU\book\216916 
035 |a RU\TPU\book\216915 
090 |a 198902 
100 |a 20110713d2006 km y0rusy50 ca 
101 0 |a rus  |d eng 
102 |a RU 
135 |a drnn ---uucaa 
181 0 |a i  
182 0 |a b 
200 1 |a Отец сибирских теплоэнергетиков  |b Электронный ресурс  |e о профессоре И. Н. Бутакове  |f С. А. Беляев 
203 |a Текст  |c электронный 
215 |a 1 файл (1.5 Мб) 
225 1 |a ТТИ 1900-1918 
230 |a Электронные текстовые данные (1 файл : 1.5 Мб) 
300 |a Аннотация на англ. яз. 
300 |a Заглавие с титульного листа 
300 |a Электронная версия печатной публикации 
337 |a Adobe Reader 
461 1 |0 (RuTPU)RU\TPU\book\202435  |t Томский политехник  |o ежегодный журнал  |f Томский политехнический университет (ТПУ), Ассоциация выпускников  |d 1995- 
463 1 |0 (RuTPU)RU\TPU\book\216896  |t Вып. 12  |v [С. 16-18]  |d 2006  |p 129 с. 
600 1 |a Бутаков  |b И. Н.  |c ученый-теплотехник  |c профессор Томского политехнического института  |f 1881-1970  |g Иннокентий Николаевич  |y Томск  |x TPU  |2 stltpush  |3 (RuTPU)RU\TPU\pers\18396 
601 0 2 |a Томский технологический институт (ТТИ)  |c (1896-1923)  |2 stltpush  |3 (RuTPU)RU\TPU\col\9244 
610 1 |a выпускники ТПУ 
610 1 |a профессора 
610 1 |a российские ученые 
610 1 |a инженеры 
610 1 |a теплотехники 
610 1 |a биографии 
610 1 |a труды учёных ТПУ 
610 1 |a электронный ресурс 
700 1 |a Беляев  |b С. А.  |c российский инженер-теплоэнергетик  |c доцент Томского политехнического университета  |c кандидат технических наук  |f 1942-  |g Сергей Александрович  |2 stltpush  |3 (RuTPU)RU\TPU\pers\27762 
801 1 |a RU  |b 63413507  |c 20101101 
801 2 |a RU  |b 63413507  |c 20170313  |g RCR 
856 4 |u http://www.lib.tpu.ru/fulltext/v/Tomsk_polytechnic/2006/N12a5.pdf  |z Цветная версия без потери качества 
942 |c CF